All the 8000+ meter peaks - Statistics

General Stats
  • This quiz has been taken 32 times
  • The average score is 9 of 14
Answer Stats
Answer % Correct
Everest
100%
K2
100%
Lhotse
71%
Broad Peak
67%
Kangchenjunga
67%
Makalu
62%
Nanga Parbat
62%
Annapurna I
57%
Manaslu
57%
Cho Oyu
52%
Gasherbrum I
52%
Dhaulagiri I
48%
Gasherbrum II
48%
Shishapangma
48%
No matching quizzes found
Score Distribution
Percent of People with Each Score
Percentile by Number Answered
Your Score History
You have not taken this quiz